01291nam a2200217 a 4500008004100000020001800041050001700059100001800076245004000094260003600134300003600170650004500206650002000251650003900271995015700310995013700467995015700604995013800761995015700899999001701056190710s1988 ||||||||||||||||| || u a9780273025726 aTS 155.6 Haw aHawkes, Barry14aThe CADCAM processcBy Barry Hawkes aLondonbPITMAN Publishungc1988 aviii, 275 pages : illustrations aMANUFACTURING PROCESSES--DATA PROCESSING aCAD/CAM SYSTEMS aINDUSTRIAL DESIGN--DATA PROCESSING aMAIN LIBRARY OPEN ACCESSD18.00e749399FCBU-MAIN LIBRARY (Kitwe)jTS 155.6 HawM3UAVAILABLEWJul 12, 2019y749399ZMain Library Open Access Collection aMPIKA LIBRARY OPEN ACCESSe750002FCBU-MPIKA LIBRARYI17.52jTS 155.6 HawM5UAVAILABLEWNov 22, 2019y750002ZShort Loan Collection aMAIN LIBRARY OPEN ACCESSD18.00e749400FCBU-MAIN LIBRARY (Kitwe)jTS 155.6 HawM2UAVAILABLEWJul 12, 2019y749400ZMain Library Open Access Collection aSPECIAL COLLECTIONSe750003FCBU-MAIN LIBRARY (Kitwe)I17.52jTS 155.6 HawM4UAVAILABLEWNov 22, 2019y750003ZShort Loan Collection aMAIN LIBRARY OPEN ACCESSD18.00e749401FCBU-MAIN LIBRARY (Kitwe)jTS 155.6 HawM1UAVAILABLEWJul 12, 2019y749401ZMain Library Open Access Collection c79100d79100